Fish Protection Technologies and Fish Ways for Downstream Migration (Record no. 52218)

MARC details
000 -LEADER
fixed length control field 00505nam a22001817a 4500
003 - CONTROL NUMBER IDENTIFIER
control field OSt
008 - FIXED-LENGTH DATA ELEMENTS--GENERAL INFORMATION
fixed length control field 260623b |||||||| |||| 00| 0 eng d
020 ## - INTERNATIONAL STANDARD BOOK NUMBER
International Standard Book Number 9783030192419
082 ## - DEWEY DECIMAL CLASSIFICATION NUMBER
Classification number 639.977
Item number S41F
100 ## - MAIN ENTRY--PERSONAL NAME
Personal name Schwevers, Ulrich
245 ## - TITLE STATEMENT
Title Fish Protection Technologies and Fish Ways for Downstream Migration
260 ## - PUBLICATION, DISTRIBUTION, ETC. (IMPRINT)
Place of publication, distribution, etc Switzerland
Name of publisher, distributor, etc Springer Nature
Date of publication, distribution, etc 2020
300 ## - PHYSICAL DESCRIPTION
Extent xiv. 279 p.
650 ## - SUBJECT ADDED ENTRY--TOPICAL TERM
Topical term or geographic name as entry element Fish protection
650 ## - SUBJECT ADDED ENTRY--TOPICAL TERM
Topical term or geographic name as entry element Fish Ways
650 ## - SUBJECT ADDED ENTRY--TOPICAL TERM
Topical term or geographic name as entry element Fish Downstream Migration
942 ## - ADDED ENTRY ELEMENTS (KOHA)
Source of classification or shelving scheme
Koha item type Books
Holdings
Withdrawn status Lost status Source of classification or shelving scheme Damaged status Not for loan Home library Current library Shelving location Date acquired Source of acquisition Currency Cost, normal purchase price Full call number Barcode Date last seen Bill Date Koha item type Bill Number
          Dr. Rajendra Prasad Central Agricultural University Pusa, Dr. Rajendra Prasad Central Agricultural University Pusa, General Stacks 23/06/2026 SRT, New Delhi INR 12885.00 639.977 S41F 88981 23/06/2026 02/03/2026 Books SRT/38/2025-26
Hosted, Implemented, Customized & Maintained by: BestBookBuddies

Powered by Koha